[Event "HUN-chT BAZ megyei CSB 2122"]
[Site "Hungary"]
[Date "2022.01.09"]
[Round "4.10"]
[White "Jakab, Janos"]
[Black "Urban, Istvan"]
[Result "1/2-1/2"]
[WhiteElo "1643"]
[BlackElo "1499"]
[PlyCount "48"]
[EventDate "2021.10.17"]
[EventType "team-tourn"]
[EventRounds "9"]
[EventCountry "HUN"]
[SourceTitle "EXT 2025"]
[Source "ChessBase"]
[SourceDate "2024.10.14"]
[SourceVersion "1"]
[SourceVersionDate "2024.10.14"]
[SourceQuality "1"]
[WhiteTeam "Szerencs Varos"]
[BlackTeam "Hidasnemeti VSC"]
[WhiteTeamCountry "HUN"]
[BlackTeamCountry "HUN"]

1. d4 g6 2. Nf3 Bg7 3. Bf4 d6 4. e3 Nf6 5. c4 0-0 6. Nc3 c6 7. e4 Bg4 8. Be2 Qa5 9. 0-0 Bxf3 10. Bxf3 e5 11. dxe5 dxe5 12. Be3 Na6 13. a3 Rfd8 14. Qc2 Qc7 15. Be2 b6 16. b4 Rac8 17. Qb3 Nb8 18. f3 h6 19. Rfd1 Rxd1+ 20. Rxd1 Rd8 21. Kf2 Rxd1 22. Qxd1 Qd7 23. b5 c5 24. Nd5 Nxd5 1/2-1/2